| 000 | 00729nam a22001337a 4500 | ||
|---|---|---|---|
| 040 | _cRUA | ||
| 082 | _aAGR BUN 2010 B044 Or.1 | ||
| 100 | _aBUN, MENGLA. | ||
| 245 | _aInfluence of insect rate on growth and yield of phkarumduol rice variety at royal university of agriculture ឥទ្ធិពលនៃបរិមាណគ្រាប់ពូជលើការលូតលាស់និងទិន្នផលស្រូវផ្ការំដួលនៅសាកលវិទ្យាល័យភូមិន្ទកសិកម្ម | ||
| 260 |
_aPhnom Penh _bRUA _c2010 |
||
| 300 |
_axii; 48p. _bill. _c29cm. |
||
| 856 | _uhttps://drive.google.com/file/d/1fUxW6M1O0fJFuI2iTnk5wjmjovvVXDDY/view?usp=sharing | ||
| 942 | _cAGR | ||
| 999 |
_c1050 _d1050 |
||